000 01404nam a2200373 a 4500
001 ebr10495500
003 CaPaEBR
006 m u
007 cr cn|||||||||
008 110129s2011 ii sb 001 0 eng d
010 _z 2010317968
020 _z9788182911093
020 _z9781906387808
020 _z9781906387839 (e-book)
025 _aI-E-2010-317968; 63-01
040 _aCaPaEBR
_cCaPaEBR
035 _a(OCoLC)759159849
041 1 _aeng
_hfre
050 1 4 _aHB3717 2008
_b.A45 2011eb
100 1 _aAmin, Samir.
240 1 0 _aCrise.
_lEnglish
245 1 0 _aEnding the crisis of capitalism or ending capitalism?
_h[electronic resource] /
_cSamir Amin ; translated by Victoria Bawtree.
260 _aBangalore :
_bBooks for Change,
_c2011.
300 _avii, 199 p.
504 _aIncludes bibliographical references and index.
533 _aElectronic reproduction.
_bPalo Alto, Calif. :
_cebrary,
_d2011.
_nAvailable via World Wide Web.
_nAccess may be limited to ebrary affiliated libraries.
650 0 _aGlobal Financial Crisis, 2008-2009.
650 0 _aCapitalism
_xHistory.
650 0 _aInternational economic relations.
655 7 _aElectronic books.
_2local
700 1 _aBawtree, Victoria.
710 2 _aebrary, Inc.
856 4 0 _uhttp://site.ebrary.com/lib/rucke/Doc?id=10495500
_zAn electronic book accessible through the World Wide Web; click to view
999 _c241183
_d241183